Normal view
MARC view
- MECHANICS-EXPERIMENTS FLUID MECHANICS-EXPERIMENTSSTATICS-EXPERIMENTS
Entry Topical Term
001 - CONTROL NUMBER
- control field: 77715
003 - CONTROL NUMBER IDENTIFIER
- control field: NUST
005 - DATE AND TIME OF LATEST TRANSACTION
- control field: 20210628205953.0
008 - FIXED-LENGTH DATA ELEMENTS
- fixed length control field: 210628|| aca||aabn | a|a d
040 ## - CATALOGING SOURCE
- Original cataloging agency: NUST
- Transcribing agency: NUST
150 ## - HEADING--TOPICAL TERM
- Topical term or geographic name entry element: MECHANICS-EXPERIMENTS FLUID MECHANICS-EXPERIMENTSSTATICS-EXPERIMENTS
670 ## - SOURCE DATA FOUND
- Source citation: Work cat.: (NUST): Wood, Robert.W 77714, Mechanics fun damentals funtastic science activities for kids, 1996
